00613nam a2200217 4500003001100000005001700011008004100028020001500069040003900084041000800123082001300131100001700144245002700161260004600188300000900234650002000243650002300263942000700286952008700293999001500380LK-CoMWRAF20230831103547.0230831b2000 |||||||| |||| 00| 0 eng d a0330301764 aLK-CoMWRAFdLK-CoMWRAFeLK-CoMWRAF aeng a823bBLY aBlyton, Enid aThe River of adventure aOxford :bMacmillan chilren's booksc2000 a160p aEnglish fiction aChildren's stories cBK 00104070aMAINbMAINd2023-08-31l0o823 BLYpRAF300r2023-08-31w2023-08-31yBK c3324d3324